États non-reconnus et Territoires du Monde - Statistiques

Statistiques générales
  • Ce quiz a été pris 1 606 fois
  • Le résultat moyen est 29 sur 51
Réponses sur la Carte
Les réponses sont colorées sur une échelle allant du rouge au vert en fonction du pourcentage des utilisateurs qui les ont devinées à leur premier essai. Vous pouvez retrouver ces pourcentages ci-dessous.
 
Statistiques - réponses
Réponses % Correct
Groenland
98%
Guyane
93%
République arabe sahraouie démocratique
86%
La Réunion
81%
Mayotte
76%
Guadeloupe
75%
Martinique
75%
Îles Féroé
74%
Nouvelle-Calédonie
74%
Somaliland
74%
Palestine
73%
Polynésie Française
73%
Chypre du Nord
65%
Porto Rico
65%
Bermudes
62%
Îles Malouines
60%
Îles Vierges britanniques
57%
Sainte-Hélène, Ascension et Tristan da Cunha
56%
Îles Vierges des États-Unis
55%
Saint-Martin
55%
Sint Maarten
55%
Îles Cook
53%
Saint-Pierre-et-Miquelon
53%
Wallis-et-Futuna
53%
Curaçao
52%
Guam
52%
Île de Man
52%
Saint-Barthélemy
52%
Abkhazie
51%
Hong Kong
51%
Ossétie du Sud
51%
Transnistrie
51%
Gibraltar
50%
Îles Caïmans
50%
Jersey
50%
Aruba
49%
Samoa américaines
49%
Svalbard et Jan Mayen
48%
Guernesey
46%
Macao
45%
Île Christmas
44%
Îles Turques-et-Caïques
44%
Niue
44%
Îles Cocos (Keeling)
42%
Îles Mariannes du Nord
41%
Pays-Bas caribéens
40%
Anguilla
39%
Île Norfolk
38%
Îles Pitcairn
35%
Montserrat
35%
Tokelau
31%
Aucun quiz correspondant
Distribution des résultats
% des personnes avec chaque résultat
Percentile par nombre de réponses
Votre historique - résultats
Vous n’avez pas pris ce quiz